000 00412nam a2200181Ia 4500
001 8221
005 20260306160553.0
008 260306t2002||||xx |||||||||||||| ||spa||
041 _aESP
082 _a370.15
_bP83
100 _aPozo, Juan Ignacio
_eAUT
245 0 _aAprendices y maestros
260 _c2002
300 _a383 páginas :
_ccm.
650 _aGEN
654 _aCED
942 _cLIB
_dJUS
_fJUS
_2ddc
_n
999 _c8221
_d8221